[Event "Aegean op 46th"]
[Site "Aghios Kirykos"]
[Date "2023.07.14"]
[Round "7"]
[White "Sarandos, Vasilios"]
[Black "Gazis, Efstathios"]
[Result "0-1"]
[WhiteElo "2111"]
[BlackElo "2133"]
[PlyCount "118"]
[EventDate "2023.07.09"]
[EventType "swiss"]
[EventRounds "9"]
[EventCountry "GRE"]
[SourceTitle "CBM 215 Extra"]
[Source "ChessBase"]
[SourceDate "2023.09.30"]
[SourceVersion "1"]
[SourceVersionDate "2023.09.30"]
[SourceQuality "1"]

1. e4 c5 2. Nc3 e6 3. g3 d5 4. exd5 exd5 5. Bg2 Nf6 6. d3 d4 7. Ne4 Nxe4 8. Bxe4 Nd7 9. Ne2 Be7 10. 0-0 0-0 11. Bg2 Re8 12. Nf4 Nf6 13. h3 Qc7 14. Re1 Bd7 15. Bd2 Bc6 16. Nh5 Bxg2 17. Nxf6+ Bxf6 18. Rxe8+ Rxe8 19. Kxg2 c4 20. Qf3 cxd3 21. Qxd3 Qb6 22. b3 h5 23. Re1 Qc6+ 24. Qf3 Rc8 25. Rc1 b5 26. Qxc6 Rxc6 27. Bb4 Bg5 28. f4 Bf6 29. Kf3 g6 30. g4 Bg7 31. a3 f5 32. gxf5 gxf5 33. Bd2 Kf7 34. Ke2 Rg6 35. Kf3 Ra6 36. Bb4 Rc6 37. Bd2 Bf8 38. b4 Bg7 39. Ke2 Ra6 40. Rg1 Bf6 41. Rg3 h4 42. Rf3 Ke6 43. Bc1 Kd5 44. Kd3 Rc6 45. Bb2 Re6 46. Bc1 Re1 47. Bd2 Ra1 48. Ke2 Ra2 49. Kd1 Ke4 50. Rb3 Ra1+ 51. Bc1 Be7 52. Kd2 Bd6 53. Bb2 Bxf4+ 54. Ke2 Rh1 55. a4 Rh2+ 56. Kd1 a6 57. axb5 axb5 58. Ra3 Rd2+ 59. Ke1 Rxc2 0-1

[Event "GRE-chT 48th"]
[Site "Athens"]
[Date "2021.09.08"]
[Round "3.7"]
[White "Nevednichy, Vladislav"]
[Black "Sarandos, Vasilios"]
[Result "1-0"]
[WhiteElo "2498"]
[BlackElo "2201"]
[PlyCount "95"]
[EventDate "2021.09.07"]
[EventType "team-swiss"]
[EventRounds "7"]
[EventCountry "GRE"]
[SourceTitle "CBM 204 Extra"]
[Source "ChessBase"]
[SourceDate "2021.11.30"]
[SourceVersion "1"]
[SourceVersionDate "2021.11.30"]
[SourceQuality "1"]
[WhiteTeam "Peukees"]
[BlackTeam "Ykaryas"]
[WhiteTeamCountry "GRE"]
[BlackTeamCountry "GRE"]

1. e4 e6 2. d4 d5 3. Nc3 Bb4 4. e5 c5 5. Bd2 Nh6 6. Nf3 Nc6 7. a3 Bxc3 8. bxc3 Nf5 9. Bd3 cxd4 10. cxd4 h5 11. c3 Bd7 12. 0-0 Na5 13. Rb1 Qc7 14. Re1 Nc4 15. Bc1 Nb6 16. Bd2 Nc4 17. Bf4 Ne7 18. Bg5 Nxa3 19. Ra1 Nc4 20. Qc1 Bb5 21. Bh4 a5 22. Qg5 Kf8 23. Reb1 Be8 24. Bxc4 dxc4 25. Qxe7+ Qxe7 26. Bxe7+ Kxe7 27. Rxb7+ Bd7 28. Rab1 Rhc8 29. Nd2 Kd8 30. f3 f5 31. h4 Ra6 32. Kf2 a4 33. Ke3 a3 34. Ra1 Ra5 35. Ra2 g6 36. Rb1 Bb5 37. Rba1 Rca8 38. Nb1 Kc7 39. Rxa3 Kb6 40. Rxa5 Rxa5 41. Rxa5 Kxa5 42. Na3 Ba6 43. d5 exd5 44. Kd4 Bb7 45. Nc2 Kb6 46. Nb4 Kc7 47. Nxd5+ Kd7 48. Nf4 1-0

[Event "Aegean op 41st"]
[Site "Aghios Kirykos"]
[Date "2018.07.17"]
[Round "3"]
[White "Sarandos, Vasilios"]
[Black "Velicka, Petr"]
[Result "0-1"]
[WhiteElo "2206"]
[BlackElo "2425"]
[PlyCount "92"]
[EventDate "2018.07.16"]
[EventType "swiss"]
[EventRounds "9"]
[EventCountry "GRE"]
[SourceTitle "CBM 186 Extra"]
[Source "ChessBase"]
[SourceDate "2018.08.24"]
[SourceVersion "1"]
[SourceVersionDate "2018.08.24"]
[SourceQuality "1"]

1. d4 d5 2. c4 e6 3. Nf3 Nf6 4. g3 Bb4+ 5. Bd2 Bd6 6. Bg2 c6 7. Qc2 Nbd7 8. 0-0 0-0 9. b3 Ne4 10. Bc3 f5 11. Nfd2 Qf6 12. Nxe4 fxe4 13. f3 Qh6 14. fxe4 Qe3+ 15. Kh1 Rxf1+ 16. Bxf1 Nf6 17. e5 Ng4 18. Nd2 Be7 19. Nf3 Bd7 20. Qd2 Rf8 21. Qxe3 Nxe3 22. Bd2 c5 23. Bxe3 dxc4 24. bxc4 cxd4 25. Bxd4 Rc8 26. Nd2 Bb4 27. Rd1 a6 28. c5 Bb5 29. Nb3 Bxe2 30. Rc1 Rd8 31. Kg1 Bb5 32. Kf2 a5 33. Be3 Rd5 34. Nd4 Bxc5 35. Nxb5 Bxe3+ 36. Kxe3 Rxe5+ 37. Kd4 Rxb5 38. Rc7 h6 39. Re7 Rb2 40. h4 Rxa2 41. Rxb7 Ra3 42. Ke5 Rxg3 43. Kxe6 Rg4 44. Rb8+ Kh7 45. Ra8 Rxh4 46. Rxa5 Rf4 0-1

[Event "Aegean op 40th"]
[Site "Aghios Kirykos"]
[Date "2017.07.12"]
[Round "5"]
[White "Sarandos, Vasilios"]
[Black "Kostenko, Petr"]
[Result "1-0"]
[WhiteElo "2166"]
[BlackElo "2445"]
[PlyCount "130"]
[EventDate "2017.07.09"]
[EventType "swiss"]
[EventRounds "9"]
[EventCountry "GRE"]
[SourceTitle "EXT 2018"]
[Source "ChessBase"]
[SourceDate "2017.10.13"]
[SourceVersion "1"]
[SourceVersionDate "2017.10.13"]
[SourceQuality "1"]

1. d4 e6 2. c4 c5 3. d5 d6 4. Nc3 g6 5. Nf3 a6 6. Bg5 f6 7. Bd2 Nh6 8. Qa4+ Bd7 9. Qb3 Ra7 10. a4 Nf7 11. a5 Bg7 12. g3 0-0 13. Bg2 Re8 14. Qb6 Qxb6 15. axb6 Ra8 16. dxe6 Bxe6 17. Nb5 Bxc4 18. Nc7 Rxe2+ 19. Kd1 Rxf2 20. Ne1 d5 21. Nxa8 f5 22. Kc1 Nd6 23. Ra4 Ne4 24. Bxe4 fxe4 25. Rxc4 dxc4 26. Nc2 Nc6 27. Be3 Rf8 28. Nc7 Ne5 29. Kb1 Nd3 30. Na3 Rf3 31. Nxc4 Nxb2 32. Nxb2 Rxe3 33. Nc4 Rb3+ 34. Ka2 Rc3 35. Nd6 Rc2+ 36. Ka3 Rb2 37. Nd5 Rd2 38. Ne7+ Kf8 39. Nec8 Bb2+ 40. Kb3 Be5 41. Rf1+ Kg7 42. Nxe4 c4+ 43. Kb4 c3 44. Nxc3 Rxh2 45. Rf3 h5 46. Re3 Kf6 47. Ne4+ Kf5 48. Ncd6+ Ke6 49. Nxb7 Kd5 50. Nec5 g5 51. Rd3+ Kc6 52. Na5+ Kxb6 53. Nd7+ Kc7 54. Nxe5 Rb2+ 55. Nb3 h4 56. g4 Re2 57. Rd7+ Kc8 58. Rd5 h3 59. Rc5+ Kd8 60. Nf3 Re4+ 61. Rc4 Re3 62. Nbd4 Kd7 63. Rc5 Re4 64. Rxg5 h2 65. Rd5+ Ke8 1-0

[Event "GRE-chT 43rd"]
[Site "Porto Rio"]
[Date "2015.10.10"]
[Round "4.14"]
[White "Nikolov, Momchil"]
[Black "Sarandos, Vasilios"]
[Result "1-0"]
[WhiteElo "2543"]
[BlackElo "2254"]
[PlyCount "136"]
[EventDate "2015.10.08"]
[EventType "team-swiss"]
[EventRounds "7"]
[EventCountry "GRE"]
[SourceTitle "CBM 168 Extra"]
[Source "ChessBase"]
[SourceDate "2015.10.29"]
[SourceVersion "1"]
[SourceVersionDate "2015.10.29"]
[SourceQuality "1"]
[WhiteTeam "Alexandroupolis Ethnikos"]
[BlackTeam "Ikarias Tzelepis"]
[WhiteTeamCountry "GRE"]
[BlackTeamCountry "GRE"]

1. d4 d5 2. Nf3 Nf6 3. c4 c6 4. Nc3 e6 5. e3 Nbd7 6. Qc2 Bd6 7. Bd3 0-0 8. 0-0 Re8 9. b3 Qc7 10. Bb2 b6 11. Rac1 a6 12. e4 dxe4 13. Nxe4 Nxe4 14. Bxe4 h6 15. Qc3 Bf8 16. Bb1 Bb7 17. Qd3 g6 18. h4 Bg7 19. h5 gxh5 20. c5 b5 21. Rfe1 Rad8 22. Ne5 f5 23. Ng6 Nf6 24. Qf3 Ng4 25. Qf4 Qxf4 26. Nxf4 Kf7 27. f3 Nf6 28. Re2 Bc8 29. Kf2 Nh7 30. Nd3 Ng5 31. Ne5+ Bxe5 32. Rxe5 Rd5 33. Re2 Nh7 34. Rh1 Nf6 35. Bc3 Rg8 36. Rh4 Rd7 37. Bc2 Nd5 38. Bd2 Rg6 39. Rxh5 Kg7 40. Rh4 Ne7 41. Bf4 b4 42. Re1 Rd8 43. Reh1 Ng8 44. a3 Kf7 45. Be5 bxa3 46. Ra1 Nf6 47. Rxa3 Nd7 48. Bd6 Bb7 49. Bd3 Kf6 50. Ra4 Ra8 51. Rh5 Kg7 52. Rh1 Kf6 53. Rb4 Bc8 54. Ra4 Bb7 55. Rh2 Kg7 56. g4 Rf6 57. gxf5 exf5 58. Ra1 Rh8 59. Bxa6 Rxd6 60. cxd6 Bxa6 61. Rxa6 Rc8 62. Ra7 Rd8 63. Kg3 Kg6 64. Kf4 Nb6 65. Ke5 Re8+ 66. Re7 Nd7+ 67. Kf4 Rd8 68. Re6+ Nf6 1-0

[Event "Aegean op 38th"]
[Site "Aghios Kirykos"]
[Date "2015.07.16"]
[Round "7"]
[White "Sarandos, Vasilios"]
[Black "Galopoulos, Nikolaos"]
[Result "1/2-1/2"]
[WhiteElo "2241"]
[BlackElo "2353"]
[PlyCount "53"]
[EventDate "2015.07.11"]
[EventType "swiss"]
[EventRounds "9"]
[EventCountry "GRE"]
[SourceTitle "CBM 167 Extra"]
[Source "ChessBase"]
[SourceDate "2015.09.14"]
[SourceVersion "1"]
[SourceVersionDate "2015.09.14"]
[SourceQuality "1"]

1. d4 Nf6 2. Nf3 e6 3. c4 d5 4. Nc3 c6 5. Bg5 h6 6. Bxf6 Qxf6 7. e3 Nd7 8. Bd3 g6 9. 0-0 Bg7 10. cxd5 exd5 11. b4 a6 12. a4 Qd6 13. Qb3 0-0 14. b5 a5 15. Rfc1 Re8 16. Qa3 Bf8 17. Qxd6 Bxd6 18. Rab1 Rb8 19. bxc6 bxc6 20. Rxb8 Nxb8 21. Rb1 Re7 22. e4 dxe4 23. Nxe4 Bb4 24. Ne5 Kg7 25. Rc1 Bf5 26. f3 Bxe4 27. Bxe4 1/2-1/2

[Event "Rilton Cup 44th"]
[Site "Stockholm"]
[Date "2014.12.29"]
[Round "3"]
[White "Sarandos, Vasilios"]
[Black "Grandelius, Nils"]
[Result "0-1"]
[WhiteElo "2245"]
[BlackElo "2581"]
[PlyCount "72"]
[EventDate "2014.12.27"]
[EventType "swiss"]
[EventRounds "9"]
[EventCountry "SWE"]
[SourceTitle "CBM 164 Extra"]
[Source "ChessBase"]
[SourceDate "2015.03.02"]
[SourceVersion "1"]
[SourceVersionDate "2015.03.02"]
[SourceQuality "1"]

1. e4 c5 2. Nc3 e6 3. g3 d5 4. exd5 exd5 5. Bg2 Nf6 6. d3 Be7 7. Nge2 d4 8. Ne4 Nxe4 9. Bxe4 Nd7 10. 0-0 0-0 11. Bg2 Re8 12. Nf4 Bd6 13. Nd5 Ne5 14. h3 Bd7 15. f4 Nc6 16. Bd2 Be6 17. Qf3 Qd7 18. f5 Bxd5 19. Qxd5 Qc7 20. Bf4 Bxf4 21. Rxf4 Re5 22. Qf3 Rae8 23. f6 g6 24. Rf1 Nb4 25. Rf2 Nd5 26. Re4 Rxe4 27. dxe4 Ne3 28. c3 Re6 29. Qf4 Qxf4 30. Rxf4 d3 31. Rf2 Rd6 32. Rd2 Nc4 33. e5 Rd8 34. Rd1 Nxb2 35. Rf1 d2 36. e6 fxe6 0-1

[Event "GRE-chT 42nd"]
[Site "Porto Rio"]
[Date "2014.06.28"]
[Round "1.1"]
[White "Brunello, Sabino"]
[Black "Sarandos, Vasilios"]
[Result "1-0"]
[WhiteElo "2589"]
[BlackElo "2226"]
[PlyCount "81"]
[EventDate "2014.06.28"]
[EventType "team-swiss"]
[EventRounds "7"]
[EventCountry "GRE"]
[SourceTitle "CBM 161 Extra"]
[Source "ChessBase"]
[SourceDate "2014.08.29"]
[SourceVersion "1"]
[SourceVersionDate "2014.08.29"]
[SourceQuality "1"]
[WhiteTeam "Chess Spring"]
[BlackTeam "Ikarias Tzelepis"]
[WhiteTeamCountry "GRE"]
[BlackTeamCountry "GRE"]

1. Nf3 d5 2. c4 e6 3. b3 Nf6 4. Bb2 Be7 5. g3 0-0 6. Bg2 c5 7. e3 Nc6 8. 0-0 d4 9. exd4 cxd4 10. Re1 Ne8 11. Na3 f6 12. Nc2 e5 13. d3 Nc7 14. a3 a5 15. Rb1 Bg4 16. h3 Be6 17. Ba1 Qd7 18. Kh2 g5 19. b4 axb4 20. axb4 g4 21. hxg4 Bxg4 22. Qd2 Ra2 23. b5 Nd8 24. Rb2 Ra4 25. Nh4 b6 26. Nb4 Bxb4 27. Rxb4 Ra5 28. Bb2 Nf7 29. Rb3 Ra2 30. Ra3 Rxa3 31. Bxa3 Rb8 32. Bb4 Be6 33. Ra1 Qd8 34. Ra7 Nd6 35. Qh6 Nf7 36. Qh5 Qc8 37. Qf3 Ne8 38. Re7 Kg7 39. Qh5 Kg8 40. Be4 f5 41. Nxf5 1-0